Expert Evidence in Criminal Law The Scientific Approach /

Bibliographic Details
Main Author: Gold, Alan D.
Format: eBook
Language:English
Published: Toronto: Irwin Law Inc., 2009
Edition:Segunda Edicin̤
Subjects:
Online Access:Acceso restringido

MARC

LEADER 00000nam a22000007a 4500
005 20210810205625.0
007 cr|||| ||||
008 210810s2009 ca |||||s|||| 00||0 eng d
020 |a 9781552212493 
035 |a 34888 
040 |a vLex 
090 |c 11953  |d 11953 
100 1 |a Gold, Alan D. 
245 1 0 |a Expert Evidence in Criminal Law  |h [Recurso electrn̤ico] :  |b The Scientific Approach /  |c Alan D. Gold 
250 |a Segunda Edicin̤ 
256 |a Servicio en ln̕ea 
260 |a Toronto:  |b Irwin Law Inc.,  |c 2009 
300 |a 1 recurso electrn̤ico 
500 |a Joint winner of the 2005 Walter Owen Book Prize (first edition). Expert Evidence in Criminal Law: The Scientific Approach by Alan D. Gold is the first and only Canadian book on expert evidence entirely from a scientific perspective. The book is written in plain language, making it easily accessible to lawyers and judges approaching the topic for the first time. At the same time, it contains all the principles and knowledge needed to expose bogus experts and junk science and to reduce inflated expert evidence to its proper valuation. Everything from forensic identification evidence, including fingerprints and toolmarks, to psychological and psychiatric evidence, such as post traumatic stress syndrome, are discussed and evaluated according to the rules of science and the deficiencies and weaknesses of the evidence are demonstrated in detail. The book has been thoroughly updated in this new edition to reflect developments in both the law and science. 
506 1 |a Disponible solo en los productos indicados  |d vLex Global  |d vLex Global (Academic Edition, excluding Law Schools)  |d vLex Global (U.S. Academic Edition, Law Schools)  |d vLex Global (U.S. Academic Edition, excluding Law Schools)  |d vLex Global (Academic Edition, Law Schools) 
650 0 4 |a Derecho Penal  |z Canad̀ 
740 0 |a vLex Libros (Servicio en ln̕ea) 
856 4 0 |u https://app.vlex.com/#/sources/34888  |z Acceso restringido 
942 |c BOOK 
999 0 |a Criminal law